Medicina legal: conceptos clásicos y modernos (Registro nro. 9874)

Detalles MARC
000 -Cabecera
Campo de control de longitud fija 00663aam a2200265 4500
005 - Fecha y hora de la última transacción
Campo de control 20250605131513.0
008 - Elementos de longitud fija--Información general
Campo de control de longitud fija 150716b1997 xxu||||| |||| 00| 0 spa d
020 ## - International Standard Book Number
Número Internacional Estándar del Libro (ISBN) 9506792070
041 ## - Idioma
Código de idioma Español
082 ## - Clasificación Decimal Dewey
Número de clasificación 614.1 F839m
100 ## - Entrada principal--Autor personal
Nombre personal Fraraccio, Jose Antonio
9 (RLIN) 44211
245 ## - Título propiamente dicho
Título Medicina legal: conceptos clásicos y modernos
260 ## - Pie de imprenta
Lugar de publicación, distribución, etc. Argentina
260 ## - Pie de imprenta
Nombre del editor, distribuidor, etc. Universidad
260 ## - Pie de imprenta
Fecha de publicación, distribución, etc. 1997
300 ## - Descripción física
Extensión 394 páginas
650 ## - Materia general
Temática (materia general) MEDICINA LEGAL
650 ## - Materia general
Temática (materia general) DEONTOLOGÍA MÉDICA
650 ## - Materia general
Temática (materia general) TANATOLOGÍA
650 ## - Materia general
Temática (materia general) LESIONOLOGÍA
650 ## - Materia general
Temática (materia general) PSIQUIATRÍA FORENSE
650 ## - Materia general
Temática (materia general) CRIMINALÍSTICA
942 ## - Punto de acceso adicional KOHA
Tipo de ítem KOHA Libro
Fuente del sistema de clasificación o colocación Dewey Decimal Classification
Existencias
Signatura completa Código de barras Programa Académico Tipo de ítem
614.1 F839m 3955 Investigación Criminal Libro